|
|
|
|
| LEADER |
00000caa a22000002c 4500 |
| 001 |
164003613X |
| 003 |
DE-627 |
| 005 |
20220608130914.0 |
| 007 |
tu |
| 008 |
160223s1968 xx ||||| 00| ||und c |
| 035 |
|
|
|a (DE-627)164003613X
|
| 035 |
|
|
|a (DE-576)456036431
|
| 035 |
|
|
|a (DE-599)BSZ456036431
|
| 040 |
|
|
|a DE-627
|b ger
|c DE-627
|e rakwb
|
| 100 |
1 |
|
|a Geilen, Gerd
|d 1931-2015
|0 (DE-588)124333281
|0 (DE-627)085792705
|0 (DE-576)16108060X
|4 aut
|
| 109 |
|
|
|a Geilen, Gerd 1931-2015
|
| 245 |
1 |
4 |
|a Die deutsche Strafrechtsreform in der Kritik. (Eine antikritische Stellungnahme zu Leonhard Reinisch: Die deutsche Strafrechtsreform)
|c Gerd Geilen
|
| 264 |
|
1 |
|c 1968
|
| 336 |
|
|
|a Text
|b txt
|2 rdacontent
|
| 337 |
|
|
|a ohne Hilfsmittel zu benutzen
|b n
|2 rdamedia
|
| 338 |
|
|
|a Band
|b nc
|2 rdacarrier
|
| 773 |
0 |
8 |
|i In
|t Zeitschrift für das gesamte Familienrecht
|d Bielefeld : Gieseking, 1962
|g (1968), 6, Seite 285-291
|w (DE-627)129555061
|w (DE-600)220451-4
|w (DE-576)015011828
|x 0044-2410
|7 nnas
|
| 773 |
1 |
8 |
|g year:1968
|g number:6
|g pages:285-291
|
| 935 |
|
|
|a mkri
|
| 951 |
|
|
|a AR
|
| ELC |
|
|
|b 1
|
| LOK |
|
|
|0 000 xxxxxcx a22 zn 4500
|
| LOK |
|
|
|0 001 3301291198
|
| LOK |
|
|
|0 003 DE-627
|
| LOK |
|
|
|0 004 164003613X
|
| LOK |
|
|
|0 005 20160223101028
|
| LOK |
|
|
|0 008 160208||||||||||||||||ger|||||||
|
| LOK |
|
|
|0 040
|a DE-21-110
|c DE-627
|d DE-21-110
|
| LOK |
|
|
|0 689
|a s
|a Strafrechtsreform
|
| LOK |
|
|
|0 852
|z Kein Bestand am IfK; Nachweis für KrimDok
|
| LOK |
|
|
|0 852
|a DE-21-110
|
| LOK |
|
|
|0 852 1
|m v
|9 00
|
| LOK |
|
|
|0 935
|a k110
|
| LOK |
|
|
|0 938
|k v
|
| LOK |
|
|
|0 939
|a 08-02-16
|b l01
|
| ORI |
|
|
|a SA-MARC-krimdoka001.raw
|